TEACHING WITH CASES A PRACTICAL GUIDE (Record no. 27821)

MARC details
000 -LEADER
fixed length control field 00348nam a2200133Ia 4500
008 - FIXED-LENGTH DATA ELEMENTS--GENERAL INFORMATION
fixed length control field 240624s9999 xx 000 0 und d
041 ## - LANGUAGE CODE
Language code of text/sound track or separate title eng
082 ## - DEWEY DECIMAL CLASSIFICATION NUMBER
Classification number 658.0071 AND
100 ## - MAIN ENTRY--PERSONAL NAME
Personal name ANDERSEN ESPEN
245 ## - TITLE STATEMENT
Title TEACHING WITH CASES A PRACTICAL GUIDE
260 ## - PUBLICATION, DISTRIBUTION, ETC.
Date of publication, distribution, etc. 2014
Place of publication, distribution, etc. Boston
Name of publisher, distributor, etc. Harvard Business
300 ## - PHYSICAL DESCRIPTION
Extent 294 : p. : cm. ; 28
365 ## - TRADE PRICE
Currency code RS
Price amount 35
Holdings
Withdrawn status Lost status Damaged status Not for loan Home library Current library Shelving location Date acquired Source of acquisition Cost, normal purchase price Total Checkouts Full call number Barcode Date last seen Date last checked out Copy number Price effective from Koha item type
        IMTN IMTN Rack 21-B 08/05/2016 RW 1250.00 1 658.0071 AND 27821 12/19/2024 07/06/2024 1 06/24/2024 Books
Designed & Maintained by: LRC IMT Nagpur Contact: lrc@imtnag.ac.in© 2024. All Rights Reserved.